000 00822nam a22002417a 4500
005 20160926115939.0
010 _aB-599381-409 ENG-116096
020 _c459.00
_a9788126553754
035 _aB-599381-409
035 _aEN-99628
037 _bAsian Book Centre/Ven
037 _bDBAD/PUB
082 _a519
100 _aAhuja, Sanjeev
245 _aKreyszig's Applied Mathematics-II /
_cby Sanjeev Ahuja
260 _aNew Delhi
_b Wiley
_c2015
270 _bNew Delhi
_e110002
300 _a450p.:
_c23cm(pbk)
_bill.
700 _aResnick,Robert
700 _aKrane,Kenneth S.
942 _2ddc
_cEN
_h510
_mAHU
999 _c96333
_d96333